Susan Anne Whitehead (VO) V Bako (UK) Ltd (Record no. 79162)

MARC details
000 -LEADER
fixed length control field 01916cad a22002175a 4500
001 - CONTROL NUMBER
control field L140020
008 - FIXED-LENGTH DATA ELEMENTS--GENERAL INFORMATION
fixed length control field 070830e20070525xxk f w 000 0 eng d
035 ## - SYSTEM CONTROL NUMBER
System control number (Sirsi) u140020
041 0# - LANGUAGE CODE
Language code of text/sound track or separate title eng
245 00 - TITLE STATEMENT
Title Susan Anne Whitehead (VO) V Bako (UK) Ltd
Medium [electronic resource]
260 ## - PUBLICATION, DISTRIBUTION, ETC.
Date of publication, distribution, etc. 2007
520 ## - SUMMARY, ETC.
Summary, etc. [2007] EWLands RA_67_2006, 29 March 2007. The appellant Valuation Officer (W) appealed against a Valuation Tribunal determination of an industrial property at £7 750 in July 2006. The property had been assigned a rateable value of £11 750 in 2005. The defendant (B) argued that in the absence of any available direct rentable information on which to base an assessment, similar sized properties in similar situations should be taken into account. The property was 1.25 miles from a motorway junction and this level of access was taken into account by both parties in their compilation of portfolios of similar properties. B also argued that insufficient attention had been paid to the isolated and unattractive location of a hereditament to the rear of the property. "Held": On the balance of arguments and available evidence from similar properties, none of which mirrored the situation exactly, the rentable valuation of £11 750 had been somewhat high. B's argument that the hereditament was in an unfavourable position was valid. However the original valuation had been too low. A new value of £10 350 was assigned; appeal allowed in part.
590 ## - LOCAL NOTE (RLIN)
Local note KA
650 24 - SUBJECT ADDED ENTRY--TOPICAL TERM
Topical term or geographic name entry element WILLIAMS (VO) V SCOTTISH AND NEWCASTLE RETAIL LTD AND ANOTHER
650 24 - SUBJECT ADDED ENTRY--TOPICAL TERM
Topical term or geographic name entry element WHITEHEAD (VO) V BAKO (UK) LTD
650 24 - SUBJECT ADDED ENTRY--TOPICAL TERM
Topical term or geographic name entry element MILL V ROYTON UDC AND JONES
651 #4 - SUBJECT ADDED ENTRY--GEOGRAPHIC NAME
Geographic name England and Wales
Chronological subdivision 1543-
690 ## - LOCAL SUBJECT ADDED ENTRY--TOPICAL TERM (OCLC, RLIN)
Topical term or geographic name as entry element PROPERTY-COMMERCIAL PROPERTY-COMMERCIAL PROPERTY APPRAISAL AND VALUATION
856 40 - ELECTRONIC LOCATION AND ACCESS
Uniform Resource Identifier <a href="https://www.bailii.org/ew/cases/EWLands/2007/RA_67_2006.html">https://www.bailii.org/ew/cases/EWLands/2007/RA_67_2006.html</a>
Public note View the judgment free of charge at www.bailii.org.uk...
942 ## - ADDED ENTRY ELEMENTS (KOHA)
Suppress in OPAC 0
Holdings
Withdrawn status Lost status Source of classification or shelving scheme Damaged status Not for loan Home library Current library Shelving location Date acquired Total Checkouts Full call number Barcode Date last seen Copy number Price effective from Koha item type
    Dewey Decimal Classification     Virtual Virtual Online 30/08/2007   ONLINE PUBLICATION 140020-1001 06/08/2019 1 06/08/2019 Law report